Normal view MARC view

Entry Topical Term

Number of records used in: 1

001 - CONTROL NUMBER

  • control field: 53418

003 - CONTROL NUMBER IDENTIFIER

  • control field: dpl

005 - DATE AND TIME OF LATEST TRANSACTION

  • control field: 20121030113210.0

008 - FIXED-LENGTH DATA ELEMENTS

  • fixed length control field: 121030|||a|||||| | ||| d

040 ## - CATALOGING SOURCE

  • Original cataloging agency: dpl
  • Transcribing agency: dpl

150 ## - HEADING--TOPICAL TERM

  • Topical term or geographic name as entry element: Organizational effectiveness |z Australia |v Case studies.
  • Geographic subdivision: Australia

670 ## - SOURCE DATA FOUND

  • Source citation: Work cat.: (dpl): Cutcher, Leanne 53410, Cases in strategy and management / , 2012

670 ## - SOURCE DATA FOUND

  • Source citation: Work cat.: (dpl): Cutcher, Leanne 53410, Cases in strategy and management / , 2012

© Delhi Public Library
Hit Counter
free hit counter